The German Teacher's Companion Development and Structure of German Languages (Record no. 2496)

MARC details
000 -LEADER
fixed length control field 00391nam a22001337a 4500
008 - FIXED-LENGTH DATA ELEMENTS--GENERAL INFORMATION
fixed length control field 250320b |||||||| |||| 00| 0 eng d
020 ## - INTERNATIONAL STANDARD BOOK NUMBER
ISBN 0883772752
100 ## - MAIN ENTRY--AUTHOR
Author HOSFORD, Helga
245 ## - TITLE STATEMENT
Title The German Teacher's Companion Development and Structure of German Languages
260 ## - PUBLICATION, DISTRIBUTION, ETC. (IMPRINT)
Place of publication London
Name of publisher Newbury House Publishers Inc.
Date of publication 1982
300 ## - COLLATION
Pagination xv, 327p.
942 ## - ADDED ENTRY ELEMENTS (KOHA)
Item type Books
050 ## - LIBRARY OF CONGRESS CALL NUMBER
Classification number PE3105
Item number .H67
Holdings
Source of classification or shelving scheme Not for loan Permanent location Current location Date acquired Accession No. Full call number Barcode. Koha item type
Library of Congress Classification   Samuel Ogbemudia Main Library, University of Abuja Samuel Ogbemudia Main Library, University of Abuja 03/20/2025 2006/32064 PE3105.H67 2025-0766 Books